000 00338cam a2200145ua 4500
041 _amal
_h
082 _a894.8121
_bRAM/PO
100 _aRaman Menon, Kunnatheri .
245 _aPoornakumbham /
_cKunnatheri Raman Menon.
_hTextual Documents
250 _a1 /
_b.
300 _a53 ; .
504 _a
942 _cBK
999 _c3979
_d3979